Khoa học kỹ thuật công nghệ cao su thiên nhiên
Tập sách "Khoa học kỹ thuật Công nghệ cao su thiên nhiên" được biên soạn hết sức công phu và nghiêm túc dựa trên nghiên cứu, tham khảo và quá trình kinh nghiệm sản xuất. Sách gồm 18 chương, cuốn sách nêu khái quát về lịch sử phát hie...
Wedi'i Gadw mewn:
| Prif Awdur: | |
|---|---|
| Fformat: | Llyfr |
| Iaith: | Vietnamese |
| Cyhoeddwyd: |
Thành phố Hồ Chí Minh
Trẻ
2001
|
| Rhifyn: | Bản in lần thứ 3 có sữa chữa, bổ sung |
| Pynciau: | |
| Tagiau: |
Ychwanegu Tag
Dim Tagiau, Byddwch y cyntaf i dagio'r cofnod hwn!
|
| Thư viện lưu trữ: | Thư viện Trường Đại học Nam Cần Thơ |
|---|
| LEADER | 01766nam a22002177a 4500 | ||
|---|---|---|---|
| 001 | NCT_150235 | ||
| 008 | 230531b xxu||||| |||| 00| 0 vie d | ||
| 999 | |c 7758 |d 7758 | ||
| 082 | 0 | 4 | |2 23rd ed. |a 678.63 |b Tr300 |
| 100 | 1 | 0 | |a Nguyễn Hữu Trí |
| 245 | 1 | 0 | |a Khoa học kỹ thuật công nghệ cao su thiên nhiên |c Nguyễn Hữu Trí |
| 250 | |a Bản in lần thứ 3 có sữa chữa, bổ sung | ||
| 260 | |a Thành phố Hồ Chí Minh |b Trẻ |c 2001 | ||
| 300 | |a 491 tr. |c 24cm | ||
| 520 | 3 | |a Tập sách "Khoa học kỹ thuật Công nghệ cao su thiên nhiên" được biên soạn hết sức công phu và nghiêm túc dựa trên nghiên cứu, tham khảo và quá trình kinh nghiệm sản xuất. Sách gồm 18 chương, cuốn sách nêu khái quát về lịch sử phát hiện và phát triển cây cao su, các họ cây cao su, những kinh nghiệm trồng và chǎm sóc cây cao su v.v... .Sách cũng mang đến cho người đọc phổ thông những kiến thức hữu ích về sản phẩm mà mình đang sử dụng. | |
| 653 | |a Quản lý Tài nguyên & Môi trường | ||
| 942 | |2 ddc |c BK | ||
| 952 | |0 0 |1 0 |2 ddc |4 0 |6 678_630000000000000_TR300 |7 0 |9 27740 |a 000001 |b 000001 |d 2023-05-31 |o 678.63 Tr300 |p MD.21833 |r 2023-05-31 |w 2023-05-31 |y BK | ||
| 952 | |0 0 |1 0 |2 ddc |4 0 |6 678_630000000000000_TR300 |7 0 |9 27741 |a 000001 |b 000001 |d 2023-05-31 |o 678.63 Tr300 |p MD.21834 |r 2023-05-31 |w 2023-05-31 |y BK | ||
| 952 | |0 0 |1 0 |2 ddc |4 0 |6 678_630000000000000_TR300 |7 0 |9 27742 |a 000001 |b 000001 |d 2023-05-31 |o 678.63 Tr300 |p MD.21835 |r 2023-05-31 |w 2023-05-31 |y BK | ||
| 980 | |a Thư viện Trường Đại học Nam Cần Thơ | ||